000 00400nam a22001457a 4500
005 20240829071129.0
008 240829b |||||||| |||| 00| 0 eng d
041 _aEnglish
082 _a349 LAW
100 _lEnglish
245 _aThe Laws of South West Africa 1915-1922
300 _bxiv, 618 pages;
_c25 cm.
650 _aLegal practice
_bLaw
942 _cBK
_6ALISON_BN_VRIES
999 _c2929
_d2929